000 00575nam a2200229Ia 4500
003 OSt
005 20221007080045.0
006 a|||||r|||| 00| 0
007 ta
008 221006b |||||||| |||| 00| 0 eng d
024 _a15,490
037 _cTextual
040 _aFLL
_cFLL
_beng
041 _2eng
_aeng
082 _aX:413:Z2, J7
100 _aChaudhuri
245 0 _aMotor vehicles act
260 _aNew Delhi
_bSterling Pub. India
_c1957
300 _a454p
_ccm.
942 _hX:413:Z2, J7
_cTEXL
_2CC
999 _c1158239
_d1158239